Ethical emotivism /

Bibliographic Details
Main Author: Satris, Stephen
Format: Book
Language:English
Published: Dordrecht ; Boston : M. Nijhoff ; 1987.
Series:Martinus Nijhoff philosophy library ; v. 25.
Subjects:

MARC

Tag First Indicator Second Indicator Subfields
LEADER 00000cam a2200000 a 4500
001 in00000020104
005 20151007053824.0
008 860903s1987 ne b 00110 eng
010 |a  86023493  
020 |a 9024734134 
035 |a (OCoLC)14241558 
035 |9 AAB2939AM 
040 |a DLC  |c DLC  |d TXA  |d UtOrBLW 
049 |a TXAM  |c [A11085109] 
050 0 0 |a BJ1473  |b .S27 1987 
082 0 |a 171/.2  |2 19 
100 1 |a Satris, Stephen. 
245 1 0 |a Ethical emotivism /  |c by Stephen Satris. 
264 1 |a Dordrecht ;  |a Boston :  |b M. Nijhoff ;  |c 1987. 
264 2 |a Norwell, MA :  |b Distributors for the U.S. and Canada, Kluwer Academic Publishers, 
300 |a xii, 201 pages ;  |c 25 cm. 
336 |a text  |b txt  |2 rdacontent 
337 |a unmediated  |b n  |2 rdamedia 
338 |a volume  |b nc  |2 rdacarrier 
490 1 |a Martinus Nijhoff philosophy library ;  |v v. 25 
500 |a Includes index. 
504 |a Bibliography: pages 184-198. 
650 0 |a Emotivism. 
830 0 |a Martinus Nijhoff philosophy library ;  |v v. 25. 
999 |a MARS 
999 f f |s 8c6d8c15-f3d2-39a2-b6ec-7a7bcc5cf5ce  |i d570c07a-8cf5-38fe-b5fc-d7e14b2998fb  |t 0 
952 f f |p normal  |a Texas A&M University  |b College Station  |c Sterling C. Evans Library  |d Evans: Library Stacks  |t 0  |e BJ1473 .S27 1987  |h Library of Congress classification  |i unmediated -- volume  |m A14811085109 
998 f f |a BJ1473 .S27 1987  |t 0  |l Evans: Library Stacks